000 00980nam a2200229Ia 4500
001 14787
005 20260407105731.0
008 260306t2010||||xx |||||||||||||| ||spa||
041 _aESP
082 _a519.2
_bS75P
100 _aSpiegel, Murray R.
_eAUT
245 0 _aProbabilidad y estadística
260 _c2010
300 _axiii, 425 páginas :
_c27 cm.
650 _aGEN
654 _aCMA
856 _uhttps://itmsp.museknowledge.com/UCSP?url=https://www.ebooks7-24.com:443/?il=678&pg=1
_zVersión digital (2013)
856 _uhttps://0u213vgfl-y-https-ebooks7--24-com.itmsp.museknowledge.com/biblioteca.aspx
_zVéase además: Base de datos Ebook7-24
856 _uhttps://0u20fvgfx-y-https-research-ebsco-com.itmsp.museknowledge.com/c/qxo6us/search
_zVéase además: Base de datos EBSCOhost
856 _uhttps://0u21dvgg8-y-https-ebooks-editorialmacro-com.itmsp.museknowledge.com/library
_zVéase además: Base de datos Macro Digital
942 _cLIB
_dJUS
_fJUS
_2ddc
999 _c14787
_d14787